<?xml version="1.0" encoding="UTF-8"?>
<record
    xmlns:xsi="http://www.w3.org/2001/XMLSchema-instance"
    xsi:schemaLocation="http://www.loc.gov/MARC21/slim http://www.loc.gov/standards/marcxml/schema/MARC21slim.xsd"
    xmlns="http://www.loc.gov/MARC21/slim">

  <leader>01138nam a22002657a 4500</leader>
  <controlfield tag="005">20170124103223.0</controlfield>
  <datafield tag="010" ind1=" " ind2=" ">
    <subfield code="a">189659</subfield>
  </datafield>
  <datafield tag="020" ind1=" " ind2=" ">
    <subfield code="c">5.00</subfield>
  </datafield>
  <datafield tag="035" ind1=" " ind2=" ">
    <subfield code="a">189659</subfield>
  </datafield>
  <datafield tag="037" ind1=" " ind2=" ">
    <subfield code="b">Cen Lib/Ret</subfield>
  </datafield>
  <datafield tag="040" ind1=" " ind2=" ">
    <subfield code="a">DPL</subfield>
    <subfield code="b">HN</subfield>
  </datafield>
  <datafield tag="082" ind1=" " ind2=" ">
    <subfield code="2">824</subfield>
    <subfield code="b">&#x92A;&#x93E;&#x923;&#x94D;&#x921;&#x947;&#x92F;</subfield>
  </datafield>
  <datafield tag="100" ind1=" " ind2=" ">
    <subfield code="a">&#x930;&#x93E;&#x91C;&#x928;&#x93E;&#x925; &#x92A;&#x93E;&#x923;&#x94D;&#x921;&#x947;&#x92F; </subfield>
    <subfield code="9">134308</subfield>
  </datafield>
  <datafield tag="245" ind1=" " ind2=" ">
    <subfield code="a">&#x938;&#x941;&#x92C;&#x939;&#x947; &#x92C;&#x928;&#x93E;&#x930;&#x938;</subfield>
    <subfield code="c">&#x930;&#x93E;&#x91C;&#x928;&#x93E;&#x925; &#x92A;&#x93E;&#x923;&#x94D;&#x921;&#x947;&#x92F; </subfield>
    <subfield code="b">&#x909;&#x924;&#x94D;&#x915;&#x943;&#x937;&#x94D;&#x91F; &#x932;&#x932;&#x93F;&#x924; &#x928;&#x93F;&#x92C;&#x902;&#x927; /</subfield>
  </datafield>
  <datafield tag="246" ind1=" " ind2=" ">
    <subfield code="a">Subhe banaras : utkrisht lalit nibandh /</subfield>
    <subfield code="b">by Rajnath Pandey </subfield>
  </datafield>
  <datafield tag="260" ind1=" " ind2=" ">
    <subfield code="a">&#x91C;&#x935;&#x93E;&#x932;&#x92A;&#x941;&#x930;</subfield>
    <subfield code="b">&#x932;&#x94B;&#x915; &#x91A;&#x947;&#x924;&#x928;&#x93E; &#x92A;&#x94D;&#x930;&#x915;&#x93E;&#x936;&#x928; </subfield>
    <subfield code="c">1969</subfield>
  </datafield>
  <datafield tag="270" ind1=" " ind2=" ">
    <subfield code="b">&#x928;&#x908; &#x926;&#x93F;&#x932;&#x94D;&#x932;&#x940; </subfield>
    <subfield code="a">&#x932;&#x94B;&#x915; &#x91A;&#x947;&#x924;&#x928;&#x93E; &#x92A;&#x94D;&#x930;&#x915;&#x93E;&#x936;&#x928; </subfield>
  </datafield>
  <datafield tag="300" ind1=" " ind2=" ">
    <subfield code="a">204p ; </subfield>
    <subfield code="c">23&#x938;&#x947;&#x92E;&#x940; (&#x938;&#x91C;&#x93F;&#x932;&#x94D;&#x926;)</subfield>
  </datafield>
  <datafield tag="500" ind1=" " ind2=" ">
    <subfield code="a">&#x938;&#x93E;&#x927;&#x928; &#x938;&#x94D;&#x924;&#x94D;&#x930;&#x94B;&#x924;</subfield>
  </datafield>
  <datafield tag="650" ind1=" " ind2=" ">
    <subfield code="a">&#x939;&#x93F;&#x902;&#x926;&#x940; &#x938;&#x93E;&#x939;&#x93F;&#x924;&#x94D;&#x92F;</subfield>
    <subfield code="9">134309</subfield>
  </datafield>
  <datafield tag="650" ind1=" " ind2=" ">
    <subfield code="a">&#x939;&#x93F;&#x902;&#x926;&#x940; &#x938;&#x93E;&#x939;&#x93F;&#x924;&#x94D;&#x92F;-&#x928;&#x93F;&#x92C;&#x902;&#x927;</subfield>
    <subfield code="9">134310</subfield>
  </datafield>
  <datafield tag="650" ind1=" " ind2=" ">
    <subfield code="a">Hindi Literature</subfield>
    <subfield code="9">134311</subfield>
  </datafield>
  <datafield tag="650" ind1=" " ind2=" ">
    <subfield code="a">Hindi Literature- Essay</subfield>
    <subfield code="9">8630</subfield>
  </datafield>
  <datafield tag="942" ind1=" " ind2=" ">
    <subfield code="2">ddc</subfield>
    <subfield code="c">HN</subfield>
    <subfield code="h">824</subfield>
    <subfield code="m">&#x92A;&#x93E;&#x923;&#x94D;&#x921;&#x947;&#x92F;</subfield>
  </datafield>
  <datafield tag="999" ind1=" " ind2=" ">
    <subfield code="c">122029</subfield>
    <subfield code="d">122029</subfield>
  </datafield>
  <datafield tag="952" ind1=" " ind2=" ">
    <subfield code="0">0</subfield>
    <subfield code="1">0</subfield>
    <subfield code="4">0</subfield>
    <subfield code="7">0</subfield>
    <subfield code="a">L</subfield>
    <subfield code="b">L</subfield>
    <subfield code="d">2016-02-17</subfield>
    <subfield code="e">Cen Lib/Ret</subfield>
    <subfield code="g">5.00</subfield>
    <subfield code="l">2</subfield>
    <subfield code="m">2</subfield>
    <subfield code="o">824 &#x92A;&#x93E;&#x923;&#x94D;&#x921;&#x947;&#x92F;</subfield>
    <subfield code="p">189659</subfield>
    <subfield code="r">2019-01-22 00:00:00</subfield>
    <subfield code="s">2019-01-07</subfield>
    <subfield code="t">1</subfield>
    <subfield code="v">5.00</subfield>
    <subfield code="w">2016-02-17</subfield>
    <subfield code="y">HN</subfield>
  </datafield>
</record>
